<?xml version="1.0" encoding="UTF-8"?>
<record
    xmlns:xsi="http://www.w3.org/2001/XMLSchema-instance"
    xsi:schemaLocation="http://www.loc.gov/MARC21/slim http://www.loc.gov/standards/marcxml/schema/MARC21slim.xsd"
    xmlns="http://www.loc.gov/MARC21/slim">

  <leader>02216cam a22003134a 4500</leader>
  <controlfield tag="001">16645702</controlfield>
  <controlfield tag="005">20110616152845.0</controlfield>
  <controlfield tag="008">110208s2011    moua     b    001 0 eng  </controlfield>
  <datafield tag="020" ind1=" " ind2=" ">
    <subfield code="a">9781437725674 (pbk. : alk. paper)</subfield>
  </datafield>
  <datafield tag="035" ind1=" " ind2=" ">
    <subfield code="a">(DNLM)101553624</subfield>
  </datafield>
  <datafield tag="040" ind1=" " ind2=" ">
    <subfield code="a">DNLM/DLC</subfield>
    <subfield code="c">DLC</subfield>
  </datafield>
  <datafield tag="082" ind1="0" ind2="0">
    <subfield code="a">610.73069</subfield>
    <subfield code="2">22</subfield>
    <subfield code="b">NUR</subfield>
  </datafield>
  <datafield tag="245" ind1="0" ind2="0">
    <subfield code="a">Nursing Today :</subfield>
    <subfield code="b">transition and trends /</subfield>
    <subfield code="c">[edtied by] JoAnn Zerwekh, Ashley Zerwekh Garneau.</subfield>
  </datafield>
  <datafield tag="250" ind1=" " ind2=" ">
    <subfield code="a">7th ed.</subfield>
  </datafield>
  <datafield tag="260" ind1=" " ind2=" ">
    <subfield code="a">St. Louis :</subfield>
    <subfield code="b">Saunders,</subfield>
    <subfield code="c">c2011.</subfield>
  </datafield>
  <datafield tag="300" ind1=" " ind2=" ">
    <subfield code="a">xxix, 608 p. :</subfield>
    <subfield code="b">col. ill. ;</subfield>
    <subfield code="c">24 cm.</subfield>
  </datafield>
  <datafield tag="504" ind1=" " ind2=" ">
    <subfield code="a">Includes bibliographical references and index.</subfield>
  </datafield>
  <datafield tag="505" ind1="0" ind2=" ">
    <subfield code="a">Role transitions -- Personal management: time and self-care strategies -- Mentorship and preceptorship -- Employment considerations : opportunities, resumes, and interviewing -- NCLEX-RN(r) examination and the new graduate -- Historical perspectives : influences on the present -- Nursing education -- Nursing theory -- Image of nursing : influences of the present -- Challenges of nursing management and leadership -- Building nursing management skills -- Effective communication and team building -- Conflict management -- Delegation in the clinical setting -- The health care organization and patterns of nursing care delivery -- Economics of the health care delivery system -- Political action in nursing -- Collective bargaining : traditional (union) and nontraditional approaches -- Ethical issues -- Legal issues -- Cultural and spiritual awareness -- Quality patient care -- Nursing informatics -- Using nursing research in practice -- Workplace issues -- Emergency preparedness.</subfield>
  </datafield>
  <datafield tag="650" ind1=" " ind2="0">
    <subfield code="a">Nursing</subfield>
    <subfield code="x">Vocational guidance.</subfield>
    <subfield code="9">28874</subfield>
  </datafield>
  <datafield tag="650" ind1=" " ind2="0">
    <subfield code="a">Nursing</subfield>
    <subfield code="x">Social aspects.</subfield>
    <subfield code="9">28875</subfield>
  </datafield>
  <datafield tag="650" ind1="1" ind2="2">
    <subfield code="a">Nursing.</subfield>
    <subfield code="9">28876</subfield>
  </datafield>
  <datafield tag="650" ind1="2" ind2="2">
    <subfield code="a">Vocational Guidance.</subfield>
    <subfield code="9">28877</subfield>
  </datafield>
  <datafield tag="653" ind1=" " ind2=" ">
    <subfield code="b">NUR</subfield>
    <subfield code="c">February2012</subfield>
  </datafield>
  <datafield tag="700" ind1="1" ind2=" ">
    <subfield code="a">Zerwekh, JoAnn Graham.</subfield>
    <subfield code="9">28878</subfield>
  </datafield>
  <datafield tag="700" ind1="1" ind2=" ">
    <subfield code="a">Garneau, Ashley Zerwekh.</subfield>
    <subfield code="9">28879</subfield>
  </datafield>
  <datafield tag="942" ind1=" " ind2=" ">
    <subfield code="2">ddc</subfield>
    <subfield code="c">NRB</subfield>
  </datafield>
  <datafield tag="999" ind1=" " ind2=" ">
    <subfield code="c">16457</subfield>
    <subfield code="d">16457</subfield>
  </datafield>
  <datafield tag="952" ind1=" " ind2=" ">
    <subfield code="0">0</subfield>
    <subfield code="1">0</subfield>
    <subfield code="2">ddc</subfield>
    <subfield code="4">0</subfield>
    <subfield code="7">0</subfield>
    <subfield code="8">Alahram</subfield>
    <subfield code="a">MAIN</subfield>
    <subfield code="b">MAIN</subfield>
    <subfield code="c">1ST</subfield>
    <subfield code="d">2012-02-13</subfield>
    <subfield code="e">purchase</subfield>
    <subfield code="g">393.00</subfield>
    <subfield code="h">680</subfield>
    <subfield code="l">5</subfield>
    <subfield code="m">7</subfield>
    <subfield code="o">610.73069 NUR</subfield>
    <subfield code="p">000026108</subfield>
    <subfield code="r">2025-07-15 00:00:00</subfield>
    <subfield code="s">2023-03-09</subfield>
    <subfield code="y">BB</subfield>
  </datafield>
</record>
